书目信息 |
| 题名: |
铣工操作技术
|
|
| 作者: | 《铣工操作技术》编写组编 | |
| 分册: | ||
| 出版信息: | 北京 机械工业出版社 1977 |
|
| 页数: | 364页 | |
| 开本: | 19cm | |
| 丛书名: | ||
| 单 册: | ||
| 中图分类: | TG54 | |
| 科图分类: | ||
| 主题词: | 铣床--操作--方法 | |
| 电子资源: | ||
| ISBN: | ||
| 000 | 00532nam0 2200205 45 | |
| 001 | 0177003343 | |
| 005 | 20061126154846.87 | |
| 010 | @dCNY0.80 | |
| 100 | @a19951014d1977 em y0chiy0121 ea | |
| 101 | 0 | @achi |
| 102 | @aCN@b110000 | |
| 105 | @ay z 000yy | |
| 200 | 10 | @a铣工操作技术@Axian gong cao zuo ji shu@f《铣工操作技术》编写组编 |
| 210 | @a北京@c机械工业出版社@d1977 | |
| 215 | @a364页@d19cm | |
| 606 | @a铣床@x操作@x方法 | |
| 690 | @aTG54@v3 | |
| 801 | 2 | @aCN@bNLC@c20061126 |
| 801 | 0 | @aCN@bTSSF |
| 905 | @a10447@dTG54@e8 | |
| 铣工操作技术/《铣工操作技术》编写组编.-北京:机械工业出版社,1977 |
| 364页;19cm |
| ISBN :CNY0.80 |
| ● |
| 相关链接 |
|
|
|
|
正题名:铣工操作技术
索取号:TG54/8
 
预约/预借
| 序号 | 登录号 | 条形码 | 馆藏地/架位号 | 状态 | 备注 |
| 1 | 0016966 | 001362992 | 第二样本阅览室/ [索取号:TG54/8] | 在馆 |